Credit-power and democracy : with a draft scheme for the mining industry /

Bibliographic Details
Main Author: Douglas, C. H. (Clifford Hugh), 1879-1952
Other Authors: Orage, A. R. (Alfred Richard), 1873-1934
Format: Book
Language:English
Published: London : C. Palmer, 1921.
Subjects:

MARC

Tag First Indicator Second Indicator Subfields
LEADER 00000cam a2200000 4500
001 in00000081509
005 20151008053004.0
008 800514s1921 enk 00010 eng d
035 |a (OCoLC)06318833 
035 |9 AAH5758AM 
040 |a TXA  |c TXA  |d UtOrBLW 
049 |a TXAM  |c [181577] 
090 |a HG3701  |b .O7 
092 |a 332.742  |b D733c2 
100 1 |a Douglas, C. H.  |q (Clifford Hugh),  |d 1879-1952. 
245 1 0 |a Credit-power and democracy :  |b with a draft scheme for the mining industry /  |c by C. H. Douglas ... with a commentary on the included scheme, by A. R. Orage ... 
264 1 |a London :  |b C. Palmer,  |c 1921. 
300 |a xi, 211 pages, 1 unnumbered page ;  |c 19 cm. 
336 |a text  |b txt  |2 rdacontent 
337 |a unmediated  |b n  |2 rdamedia 
338 |a volume  |b nc  |2 rdacarrier 
500 |a Second edition. 
650 0 |a Credit. 
650 0 |a Capital. 
650 0 |a Mineral industries  |z Great Britain. 
650 0 |a Social credit. 
700 1 |a Orage, A. R.  |q (Alfred Richard),  |d 1873-1934. 
999 |a MARS 
999 f f |s 0f58f4ea-77fa-37fd-9359-b08131c2453f  |i a1341b95-b4b5-318b-928b-c68ad11ea9b7  |t 0 
952 f f |p ric  |a Texas A&M University  |b Rellis Campus  |c Joint Library Facility  |d Remote Storage  |t 0  |e HG3701 .O7  |h Library of Congress classification  |i unmediated -- volume  |m A14800738480 
998 f f |a HG3701 .O7  |t 0  |l Remote Storage